Rendimento e composição química do óleo essencial de folhas de dois morfotipos de sacaca (Croton cajucara Benth.) (Registro n. 298649)
[ somente texto ]
| 000 -LÍDER | |
|---|---|
| fixed length control field | 02838nab a2200313 i 4500 |
| 003 - CÓDIGO MARC DA AGÊNCIA CATALOGADORA | |
| Campo de controle | BR-BrBNA |
| 005 - DATA E HORA DA ÚLTIMA ATUALIZAÇÃO | |
| Campo de controle | 20240301083632.0 |
| 008 - CAMPO DE TAMANHO FIXO | |
| fixed length control field | 240301b2006 bl.qr|p|oa||| 00| 0 por | |
| 040 ## - FONTE DA CATALOGAÇÃO | |
| Agência catalogadora | BR-BrBNA |
| Idioma da catalogação | por |
| 072 ## - CATEGORIA AGRIS | |
| Código AGRIS | F60 |
| 072 ## - CATEGORIA AGRIS | |
| Código AGRIS | F01 |
| 100 ## - ENTRADA PRINCIPAL - NOME PESSOAL | |
| Nome pessoal | Chaves, F.C.M. |
| 100 ## - ENTRADA PRINCIPAL - NOME PESSOAL | |
| Nome pessoal | Bizzo, H.R. |
| 100 ## - ENTRADA PRINCIPAL - NOME PESSOAL | |
| Nome pessoal | Angelo, P.C.S. |
| 100 ## - ENTRADA PRINCIPAL - NOME PESSOAL | |
| Nome pessoal | Xavier, J.J.B.N. |
| 100 ## - ENTRADA PRINCIPAL - NOME PESSOAL | |
| Nome pessoal | Sá Sobrinho, A.F. |
| 245 ## - TÍTULO PRINCIPAL | |
| Título principal | Rendimento e composição química do óleo essencial de folhas de dois morfotipos de sacaca (Croton cajucara Benth.) |
| 500 ## - NOTA GERAL | |
| Nota geral | Publicação on-line; 8 ref.; 2 tables; Summaries (En, Pt) |
| 942 ## - ADDED ENTRY ELEMENTS (KOHA) | |
| Koha item type | |
| 520 ## - NOTA DE RESUMO | |
| Nota de conteúdo | <br/>RESUMO: <br/><br/>O objetivo deste trabalho foi analisar o rendimento (em base seca), e a composição química<br/>do óleo essencial das folhas de dois morfotipos, branca e vermelha, de sacaca (Croton cajucara Benth.)<br/>da Coleção de Germoplasma desta espécie da Embrapa Amazônia Ocidental. O óleo essencial foi extraído<br/>por hidrodestilação em aparelho de Clevenger por 4 horas e analisado por cromatografia gasosa. O<br/>maior rendimento de óleo essencial foi verificado para a sacaca vermelha (0,97%) enquanto a branca<br/>rendeu 0,65%. Os componentes majoritários do óleo essencial de sacaca branca foram o linalol (28,7%),<br/>o beta-cariofileno (13,0%) e o nerolidol (9,3%). No óleo de sacaca vermelha, 5-hidroxi-calameneno (25,5%),<br/>linalol (18,9%) e delta-cadineno (7,1%) foram encontrados em maior quantidade.<br/><br/>Palavras-chave: Croton cajucara, diversidade fenotípica, linalol, 5-hidroxi-calameneno |
| 520 ## - NOTA DE RESUMO | |
| Nota de conteúdo | <br/>ABSTRACT: <br/><br/>Yield and chemical composition of the essential oil from the leaves of two varieties of<br/>sacaca (Croton cajucara Benth.). The yield and composition of the essential oil from leaves of two varieties<br/>of sacaca; namely red and white, according to the color of the leaves; from the Germplasm Bank of Embrapa<br/>Amazonia Ocidental, near Manaus, Amazon, were investigated. For the red variety, the oil yield was of 0.97%<br/>(on a dry basis), and major compounds were 5-hydroxi-calamenene (25.5%), linalool (18.9%) and deltacadinene <br/>(7.1%). For the white variety oil was obtained at a yield of 0.65%, and its main components were<br/>linalool (28.7%), beta-caryophyllene (13.0%) and nerolidol (9,3%).<br/><br/>Key words: Croton cajucara, phenotypic diversity, linalool, 5-hydroxi-calamenene |
| 650 ## - ASSUNTO - THESAGRO | |
| Cabeçalho tópico ou nome geográfico | CRÓTON |
| 650 ## - ASSUNTO - THESAGRO | |
| Cabeçalho tópico ou nome geográfico | VARIAÇÃO FENOTÍPICA |
| 650 ## - ASSUNTO - THESAGRO | |
| Cabeçalho tópico ou nome geográfico | RENDIMENTO |
| 650 ## - ASSUNTO - THESAGRO | |
| Cabeçalho tópico ou nome geográfico | COMPOSIÇÃO QUÍMICA |
| 773 0# - ENTRADA ANALÍTICA | |
| Host Biblionumber | 3543 |
| Registro do item | 313785 |
| Imprenta | Botucatu-SP Instituto de Biociências - Departamento de Química e Bioquímica 1998 |
| Outro identificador | 2024-0053 |
| Título | Revista Brasileira de Plantas Medicinais (Brazil) |
| ISSN | 1516-0572 |
| Colação | v. 8(4) p. 117-119; (2006) |
| Número de controle de registro | BR2024000088 |
| 856 ## - ACESSO E ENDEREÇO ELETRÔNICO | |
| Identificador uniforme de recurso - URI | http://www.sbpmed.org.br/admin/files/papers/file_xiOUO5D3MOlq.pdf |
Nenhum exemplar disponível.

BINAGRI